Mark my words, Gordon (Record no. 118108)
[ view plain ]
| 000 -LEADER | |
|---|---|
| fixed length control field | 00989cam a2200241 4500 |
| 001 - CONTROL NUMBER | |
| control field | ABS68201 |
| 008 - FIXED-LENGTH DATA ELEMENTS--GENERAL INFORMATION | |
| fixed length control field | 041001n2004 000 0 eng u |
| 035 ## - SYSTEM CONTROL NUMBER | |
| System control number | (Sirsi) u127604 |
| 100 ## - MAIN ENTRY--PERSONAL NAME | |
| Personal name | Harding, C. |
| 245 ## - TITLE STATEMENT | |
| Title | Mark my words, Gordon |
| 260 ## - PUBLICATION, DISTRIBUTION, ETC. | |
| Date of publication, distribution, etc. | 2004 |
| 490 ## - SERIES STATEMENT | |
| Series statement | Building |
| Volume/sequential designation | 269(8345) 13 August 2004, 26(1) |
| 520 ## - SUMMARY, ETC. | |
| Summary, etc. | UK Chancellor of the Exchequer Gordon Brown's support for the Quality Mark is a mixed blessing in the sense that the government tends to be highly demanding of smaller firms while ignoring the activities of cowboy operators. What is needed is more encouragement for small firms by HM Treasury launching a range of initiatives like reserving all smaller public sector contracts for smaller companies. |
| 590 ## - LOCAL NOTE (RLIN) | |
| Local note | ABS |
| 590 ## - LOCAL NOTE (RLIN) | |
| Local note | ABS |
| 650 ## - SUBJECT ADDED ENTRY--TOPICAL TERM | |
| Topical term or geographic name entry element | QUALITY MARK |
| 650 ## - SUBJECT ADDED ENTRY--TOPICAL TERM | |
| Topical term or geographic name entry element | PFI |
| 650 ## - SUBJECT ADDED ENTRY--TOPICAL TERM | |
| Topical term or geographic name entry element | PRIME CONTRACTING |
| 650 ## - SUBJECT ADDED ENTRY--TOPICAL TERM | |
| Topical term or geographic name entry element | PROCURE 21 |
| 650 ## - SUBJECT ADDED ENTRY--TOPICAL TERM | |
| Topical term or geographic name entry element | COWBOY BUILDERS |
| 690 ## - LOCAL SUBJECT ADDED ENTRY--TOPICAL TERM (OCLC, RLIN) | |
| Topical term or geographic name as entry element | BUILDING AND CONSTRUCTION-REGULATION AND CONTROL |
| 942 ## - ADDED ENTRY ELEMENTS (KOHA) | |
| Suppress in OPAC | 0 |
| Withdrawn status | Lost status | Source of classification or shelving scheme | Damaged status | Not for loan | Home library | Current library | Shelving location | Date acquired | Total Checkouts | Full call number | Barcode | Date last seen | Copy number | Price effective from | Koha item type |
|---|---|---|---|---|---|---|---|---|---|---|---|---|---|---|---|
| Dewey Decimal Classification | London | London | Journal article | 01/10/2004 | ABS68201 | 127604-1001 | 06/08/2019 | 1 | 06/08/2019 | Journal article |